<?xml version="1.0" encoding="UTF-8"?>
<record
    xmlns:xsi="http://www.w3.org/2001/XMLSchema-instance"
    xsi:schemaLocation="http://www.loc.gov/MARC21/slim http://www.loc.gov/standards/marcxml/schema/MARC21slim.xsd"
    xmlns="http://www.loc.gov/MARC21/slim">

  <leader>01228nac a22001931u 4500</leader>
  <controlfield tag="008">100524t        xxu||||| |||| 00| 0 eng d</controlfield>
  <datafield tag="082" ind1=" " ind2=" ">
    <subfield code="a">781.65</subfield>
    <subfield code="b">GOR</subfield>
    <subfield code="2">22</subfield>
  </datafield>
  <datafield tag="100" ind1=" " ind2=" ">
    <subfield code="a">G., Kenny</subfield>
    <subfield code="9">14227</subfield>
    <subfield code="q">Gorelick, Kenny</subfield>
  </datafield>
  <datafield tag="245" ind1=" " ind2=" ">
    <subfield code="a">Breathless /</subfield>
    <subfield code="c">Kenny Gorelick</subfield>
  </datafield>
  <datafield tag="260" ind1=" " ind2=" ">
    <subfield code="a">New York, N.Y. : </subfield>
    <subfield code="b">Arista, 1992</subfield>
    <subfield code="c">1992</subfield>
  </datafield>
  <datafield tag="300" ind1=" " ind2=" ">
    <subfield code="a">1 Sound disc :</subfield>
    <subfield code="b">digital, stereo. ; </subfield>
    <subfield code="c">4 3/4 in. +</subfield>
    <subfield code="e">1 booklet</subfield>
  </datafield>
  <datafield tag="505" ind1=" " ind2=" ">
    <subfield code="a">The joy of life (4:19) --  Forever in love (4:58) --  In the rain (4:59) --  Sentimental (6:34) --  By the time this night is over (with Peabo Bryson, vocals) (4:45) --  End of the night (5:21) --  Alone (5:24) --  Morning (5:13) --  Even if my heart would break (with Aaron Neville, vocals) (4:58) --  G-bop (4:05) --  Sister Rose (6:13) --  A year ago (5:15) --  Homeland (4:32) --  The wedding song (3:21).</subfield>
  </datafield>
  <datafield tag="511" ind1=" " ind2=" ">
    <subfield code="a">Kenny G., saxophones, with assisting instrumentalists and vocalists   </subfield>
  </datafield>
  <datafield tag="650" ind1=" " ind2=" ">
    <subfield code="a">Jazz</subfield>
    <subfield code="9">14234</subfield>
    <subfield code="y">1991-2000.</subfield>
  </datafield>
  <datafield tag="700" ind1=" " ind2=" ">
    <subfield code="9">14251</subfield>
    <subfield code="a">Neville, Aaron</subfield>
    <subfield code="d">1941-</subfield>
    <subfield code="e">prf   </subfield>
  </datafield>
  <datafield tag="700" ind1=" " ind2=" ">
    <subfield code="9">14250</subfield>
    <subfield code="a">Bryson, Peabo</subfield>
    <subfield code="e">prf   </subfield>
  </datafield>
  <datafield tag="942" ind1=" " ind2=" ">
    <subfield code="c">CDR</subfield>
    <subfield code="k">781.65 GOR</subfield>
    <subfield code="2">ddc</subfield>
  </datafield>
  <datafield tag="999" ind1=" " ind2=" ">
    <subfield code="c">4974</subfield>
    <subfield code="d">4974</subfield>
  </datafield>
  <datafield tag="952" ind1=" " ind2=" ">
    <subfield code="0">0</subfield>
    <subfield code="1">0</subfield>
    <subfield code="2">ddc</subfield>
    <subfield code="4">0</subfield>
    <subfield code="7">0</subfield>
    <subfield code="a">MAIN</subfield>
    <subfield code="b">MAIN</subfield>
    <subfield code="c">2ND</subfield>
    <subfield code="d">2012-07-17</subfield>
    <subfield code="e">Purchase</subfield>
    <subfield code="l">1</subfield>
    <subfield code="o">781.65 GOR</subfield>
    <subfield code="p">000006076</subfield>
    <subfield code="r">2022-08-24 00:00:00</subfield>
    <subfield code="s">2012-07-17</subfield>
    <subfield code="w">2007-10-04</subfield>
    <subfield code="y">CDVDSOU</subfield>
  </datafield>
</record>
